00467 2200169 4500001002100000005001500021035002000036245004700056100001900103250002300122300003400145260003400179082002700213084002700240020001800267650001200285INLIS00000000000334420250623091841 a0010-06250033411 aBaju Baru /cDeli Fatmawati, Husna Aghniya0 aDeli Fatmawati aPembaca Cilik Awal a11 p. :bill. ;c21 x 14,5 cm aDepok :bGrow the seed,c2023 ach-I 899.221 P394b v.1 ach-I 899.221 P394b v.1 a9786230951091 4aFiction
An Error occurred while handling another error:
yii\web\HeadersAlreadySentException: Headers already sent in /home/cgag1341/public_html/lib.cga.sch.id/common/components/MarcHelpers.php on line 185. in /home/cgag1341/public_html/lib.cga.sch.id/vendor/yiisoft/yii2/web/Response.php:369
Stack trace:
#0 /home/cgag1341/public_html/lib.cga.sch.id/vendor/yiisoft/yii2/web/Response.php(342): yii\web\Response->sendHeaders()
#1 /home/cgag1341/public_html/lib.cga.sch.id/vendor/yiisoft/yii2/web/ErrorHandler.php(136): yii\web\Response->send()
#2 /home/cgag1341/public_html/lib.cga.sch.id/vendor/yiisoft/yii2/base/ErrorHandler.php(152): yii\web\ErrorHandler->renderException(Object(yii\web\HeadersAlreadySentException))
#3 [internal function]: yii\base\ErrorHandler->handleException(Object(yii\web\HeadersAlreadySentException))
#4 {main}
Previous exception:
yii\web\HeadersAlreadySentException: Headers already sent in /home/cgag1341/public_html/lib.cga.sch.id/common/components/MarcHelpers.php on line 185. in /home/cgag1341/public_html/lib.cga.sch.id/vendor/yiisoft/yii2/web/Response.php:369
Stack trace:
#0 /home/cgag1341/public_html/lib.cga.sch.id/vendor/yiisoft/yii2/web/Response.php(342): yii\web\Response->sendHeaders()
#1 /home/cgag1341/public_html/lib.cga.sch.id/vendor/yiisoft/yii2/base/Application.php(390): yii\web\Response->send()
#2 /home/cgag1341/public_html/lib.cga.sch.id/opac/index.php(26): yii\base\Application->run()
#3 {main}